000 00535nam a2200193Ia 4500
005 20250508153851.0
008 008 250505s9999 xx 000 0 eng d
037 _aReference
040 _aFEDL
_beng
_cFEDL
041 _aeng
_2eng
084 _a574, MOO
_qFEDL
100 _aMoon Truman J
_9764583
245 0 _aModern biology
260 _aNew York, USA
_bHenry Holt and Company
_c1956
300 _aix,757p.
700 _a Mann Paul B Otto James H
_9764584
942 _cREF
_h574, MOO
999 _c1346050
_d1346050